La enseñanza y el estilo individual del aprendizaje
Guardat en:
| Autors principals: | , |
|---|---|
| Format: | Llibre |
| Idioma: | espanyol |
| Publicat: |
Madrid
Anaya 2
1984
|
| Col·lecció: | Ciencias de la Educación
|
| Matèries: | |
| Etiquetes: |
Afegir etiqueta
Sense etiquetes, Sigues el primer a etiquetar aquest registre!
|
MARC
| LEADER | 00000nam a2200000 a 4500 | ||
|---|---|---|---|
| 001 | UCW7794 | ||
| 003 | CL-VaPUC | ||
| 008 | 930903e19840000SP |||||||||||||||||spa|d | ||
| 082 | 0 | 4 | |a 371.394 |b DUN |2 21 |
| 100 | 0 | |a Dunn, Rita |e author |9 313013 | |
| 700 | 0 | |a Dunn, Kenneth |e author |9 313014 | |
| 245 | 1 | 3 | |a La enseñanza y el estilo individual del aprendizaje |
| 300 | |a 422 p | ||
| 942 | |c BK | ||
| 945 | |d 19930903 00:00:00 | ||
| 260 | |a Madrid |b Anaya 2 |c 1984 | ||
| 650 | 7 | |a ENSEÑANZA INDIVIDUALIZADA |2 CL-VaPUC |9 307241 | |
| 583 | |a last modification |c 19930903 00:00:00 |k Rodrigo Vera | ||
| 490 | 0 | |a Ciencias de la Educación | |
| 999 | |c 220455 |d 220453 | ||
| 952 | |0 0 |1 0 |4 0 |6 371_394000000000000_DUN_1984 |7 0 |8 P |9 212679 |a BIBEDU |b BIBEDU |c BIBEDU_PB |d 2019-11-15 |i 2808552 |o 371.394 DUN 1984 |p 2808552 |r 2024-01-25 |w 2019-11-15 |y BK |k EDU | ||
| 952 | |0 0 |1 0 |4 0 |6 371_394000000000000_DUN_1984 |7 0 |8 P |9 212680 |a BIBEDU |b BIBEDU |c BIBEDU_PB |d 2019-11-15 |i 2808560 |o 371.394 DUN 1984 |p 2808560 |r 2024-01-25 |w 2019-11-15 |y BK |k EDU | ||
| 952 | |0 0 |1 0 |4 0 |6 371_394000000000000_DUN_1984 |7 0 |8 P |9 212681 |a BIBEDU |b BIBEDU |c BIBEDU_PB |d 2019-11-15 |i 3226166 |o 371.394 DUN 1984 |p 3226166 |r 2024-01-25 |w 2019-11-15 |y BK |k EDU | ||